[Event "European Online Club-ch-C 2021"]
[Site "Online"]
[Date "2021.03.27"]
[Round "2.15"]
[White "Kirsch, Laurent"]
[Black "Stocek, Jiri"]
[Result "0-1"]
[WhiteElo "2120"]
[BlackElo "2604"]
[Annotator "ChessBase"]
[PlyCount "88"]
[EventDate "2021.03.27"]
[EventType "team-tourn"]
[EventCountry "NET"]
[SourceTitle "playchess.com"]
[Source "ChessBase"]
[SourceQuality "1"]
[TimeControl "900+5"]

1. d4 {[%emt 0:00:00]} Nf6 {[%emt 0:00:29]} 2. c4 {[%emt 0:00:04]} e6 {[%emt 0:00:03]} 3. Nc3 {[%emt 0:00:04]} Bb4 {[%emt 0:00:24]} 4. f3 {[%emt 0:00:05]} c5 {[%emt 0:00:45]} 5. d5 {[%emt 0:00:05]} O-O {[%emt 0:00:04]} 6. e4 {[%emt 0:00:04]} d6 {[%emt 0:00:03]} 7. Nge2 {[%emt 0:00:21]} b5 {[%emt 0:00:04]} 8. Nf4 {[%emt 0:00:36]} a6 {[%emt 0:01:14]} 9. a4 {[%emt 0:00:45]} e5 {[%emt 0:00:22]} 10. Nfe2 {[%emt 0:00:20]} bxc4 {[%emt 0:00:13]} 11. Ng3 {[%emt 0:00:05]} Nbd7 {[%emt 0:00:33]} 12. Bxc4 {[%emt 0:00:07]} Nb6 {[%emt 0:00:03]} 13. Be2 {[%emt 0:00:06]} c4 {[%emt 0:00:02]} 14. O-O {[%emt 0:00:05]} a5 {[%emt 0:00:18]} 15. Kh1 {[%emt 0:00:23]} Nfd7 {[%emt 0:00:03]} 16. f4 {[%emt 0:00:53]} exf4 {[%emt 0:00:19]} 17. Bxf4 {[%emt 0:00:04]} Ne5 {[%emt 0:00:03]} 18. Bxe5 {[%emt 0:00:36]} dxe5 {[%emt 0:00:03]} 19. Bg4 {[%emt 0:00:03]} Nd7 {[%emt 0:00:38]} 20. Qf3 {[%emt 0:02:26]} Ra6 {[%emt 0:00:33]} 21. Qe2 {[%emt 0:00:23]} Rh6 {[%emt 0:01:20]} 22. Nf5 {[%emt 0:00:24]} Rg6 {[%emt 0:00:57]} 23. Bh3 {[%emt 0:00:27]} Ba6 {[%emt 0:01:40]} 24. Rf3 {[%emt 0:01:10]} Rf6 {[%emt 0:00:51]} 25. Raf1 {[%emt 0:00:27]} g6 {[%emt 0:00:24]} 26. Ne3 {[%emt 0:00:12]} Rxf3 {[%emt 0:00:21]} 27. Qxf3 {[%emt 0:00:08]} h5 {[%emt 0:01:38]} 28. Bxd7 {[%emt 0:00:42]} Qxd7 {[%emt 0:00:02]} 29. Qf6 {[%emt 0:00:06]} Qd6 {[%emt 0:00:50]} 30. Qxd6 {[%emt 0:02:38]} Bxd6 {[%emt 0:00:03]} 31. Rf6 {[%emt 0:00:03]} Rd8 {[%emt 0:00:05]} 32. Nb5 {[%emt 0:00:09]} Bxb5 {[%emt 0:00:02]} 33. axb5 {[%emt 0:00:02]} Kg7 {[%emt 0:00:07]} 34. Rf1 {[%emt 0:00:04]} Rc8 {[%emt 0:01:23]} 35. Rc1 {[%emt 0:00:34]} c3 {[%emt 0:00:09]} 36. bxc3 {[%emt 0:00:31]} a4 {[%emt 0:00:19]} 37. Kg1 {[%emt 0:00:37]} Bb4 {[%emt 0:00:40]} 38. c4 {[%emt 0:00:12]} Bd2 {[%emt 0:00:08]} 39. Rc2 {[%emt 0:00:22]} Bxe3+ {[%emt 0:00:02]} 40. Kf1 {[%emt 0:00:04]} Bc5 {[%emt 0:00:04]} 41. Ke2 {[%emt 0:00:03]} a3 {[%emt 0:00:02]} 42. Kd3 {[%emt 0:00:03]} f5 {[%emt 0:00:03]} 43. Re2 {[%emt 0:00:16]} Kf6 {[%emt 0:00:02]} 44. Kc3 {[%emt 0:00:04]} Ra8 {[%emt 0:00:07]} 0-1

[Event "European Online Club-ch-C 2021"]
[Site "Online"]
[Date "2021.03.27"]
[Round "2.16"]
[White "Hracek, Zbynek"]
[Black "Schlueter, Yves"]
[Result "1-0"]
[WhiteElo "2565"]
[BlackElo "2058"]
[Annotator "ChessBase"]
[PlyCount "81"]
[EventDate "2021.03.27"]
[EventType "team-tourn"]
[EventCountry "NET"]
[SourceTitle "playchess.com"]
[Source "ChessBase"]
[SourceQuality "1"]
[TimeControl "900+5"]

1. e4 {[%emt 0:00:00]} Nf6 {[%emt 0:00:06]} 2. e5 {[%emt 0:00:03]} Nd5 {[%emt 0:00:02]} 3. d4 {[%emt 0:00:00]} d6 {[%emt 0:00:03]} 4. Nf3 {[%emt 0:00:01]} Bg4 {[%emt 0:00:04]} 5. Be2 {[%emt 0:00:03]} e6 {[%emt 0:00:03]} 6. h3 {[%emt 0:00:07]} Bh5 {[%emt 0:00:02]} 7. c4 {[%emt 0:00:10]} Nb6 {[%emt 0:00:02]} 8. exd6 {[%emt 0:00:13]} cxd6 {[%emt 0:00:02]} 9. Nc3 {[%emt 0:00:02]} Be7 {[%emt 0:00:12]} 10. d5 {[%emt 0:00:09]} e5 {[%emt 0:01:02]} 11. g4 {[%emt 0:00:03]} Bg6 {[%emt 0:00:03]} 12. h4 {[%emt 0:00:01]} h6 {[%emt 0:01:02]} 13. Bd3 {[%emt 0:00:24]} Bxd3 {[%emt 0:00:18]} 14. Qxd3 {[%emt 0:00:00]} N8d7 {[%emt 0:00:04]} 15. Be3 {[%emt 0:00:14]} Rc8 {[%emt 0:00:27]} 16. b3 {[%emt 0:00:04]} Nf6 {[%emt 0:02:41]} 17. Rg1 {[%emt 0:01:01]} h5 {[%emt 0:01:52]} 18. g5 {[%emt 0:02:18]} Ng4 {[%emt 0:00:05]} 19. Nd2 {[%emt 0:01:22]} Nxe3 {[%emt 0:01:22]} 20. fxe3 {[%emt 0:00:05]} Nd7 {[%emt 0:01:26]} 21. Nde4 {[%emt 0:00:10]} Nc5 {[%emt 0:00:28]} 22. Nxc5 {[%emt 0:00:09]} Rxc5 {[%emt 0:00:03]} 23. O-O-O {[%emt 0:02:44]} Qa5 {[%emt 0:01:05]} 24. Kb2 {[%emt 0:00:15]} a6 {[%emt 0:01:01]} 25. Ne4 {[%emt 0:00:14]} Rc7 {[%emt 0:00:28]} 26. c5 {[%emt 0:01:02]} Rd7 {[%emt 0:00:12]} 27. c6 {[%emt 0:02:48]} bxc6 {[%emt 0:00:03]} 28. dxc6 {[%emt 0:00:00]} Rd8 {[%emt 0:00:02]} 29. Nc3 {[%emt 0:01:00]} Rc8 {[%emt 0:02:13]} 30. Nd5 {[%emt 0:00:16]} Rxc6 {[%emt 0:00:05]} 31. g6 {[%emt 0:01:13]} f6 {[%emt 0:00:19]} 32. Qf5 {[%emt 0:00:31]} Qd8 {[%emt 0:00:32]} 33. Qe6 {[%emt 0:00:06]} Rf8 {[%emt 0:00:03]} 34. Rc1 {[%emt 0:00:18]} Qd7 {[%emt 0:00:07]} 35. Qxd7+ {[%emt 0:00:02]} Kxd7 {[%emt 0:00:02]} 36. Rxc6 {[%emt 0:00:00]} Kxc6 {[%emt 0:00:03]} 37. Nxe7+ {[%emt 0:00:01]} Kd7 {[%emt 0:00:07]} 38. Nf5 {[%emt 0:00:02]} Rg8 {[%emt 0:00:03]} 39. e4 {[%emt 0:00:03]} Ke6 {[%emt 0:00:04]} 40. Rd1 {[%emt 0:00:03]} d5 {[%emt 0:00:02]} 41. Rxd5 {[%emt 0:00:03]} 1-0

[Event "European Online Club-ch-C 2021"]
[Site "Online"]
[Date "2021.03.27"]
[Round "2.17"]
[White "Fedoseev, Vladimir"]
[Black "Bluebaum, Matthias"]
[Result "1-0"]
[WhiteElo "2687"]
[BlackElo "2670"]
[Annotator "TA"]
[PlyCount "121"]
[EventDate "2021.03.27"]
[EventType "team-tourn"]
[EventCountry "NET"]
[SourceTitle "playchess.com"]
[Source "ChessBase"]
[SourceQuality "1"]

{[%evp 16,121,8,4,4,9,4,0,0,0,12,7,14,0,0,1,6,0,0,-5,-5,-10,6,4,15,8,16,10,36,29,34,26,36,34,32,27,37,37,45,46,49,54,54,32,25,31,54,54,54,56,55,50,62,59,61,59,70,70,52,69,131,100,291,312,360,261,260,150,260,259,734,720,734,275,6264,6264,1847,1078,1012,1004,29975,2191,29986,29970,29970,29970,29970,29971,29971,29972,29972,29973,29975,2204,29991,29975,29975,29975,29975,29976,29977,29978,29985,29986,29985,29983,29983,29981]} 1. Nf3 d5 2. g3 Bg4 3. Bg2 e6 4. c4 c6 5. cxd5 Bxf3 6. Bxf3 cxd5 7. d4 Nf6 8. Nc3 {[%cal Bb1c3,Bc3a4,Ba4c5][%mdl 32]} Nc6 9. O-O Be7 {A11: English Opening: 1...c6.} 10. e3 O-O 11. Bd2 Rc8 {The position is equal.} 12. Rc1 Ne8 13. Na4 Nd6 14. Nc5 b6 15. Nd3 {[#]} Qd7 $146 ({Predecessor:} 15... Ne4 16. Be1 Qd7 17. Be2 Rc7 18. f3 Nd6 19. Nf4 Nb8 20. Rxc7 Qxc7 21. Bd3 Bf6 {½-½ (65) Bachmann,A (2598)-Lupulescu,C (2660) Dubai 2014}) 16. Bg2 Rc7 17. Qe2 Rfc8 18. Rfd1 f5 19. Be1 Bf6 20. h3 g6 21. Kh2 Nd8 22. Rxc7 Rxc7 23. Rc1 Rxc1 24. Nxc1 Qc7 25. Nd3 Kf7 26. Qd1 Nc6 27. Bf1 Ne4 28. Qc2 Qd7 29. b4 Nd6 30. a4 Ne7 31. b5 Qc8 32. Qa2 g5 33. Bb4 Nc4 34. Be2 Kg7 35. a5 {Black must now prevent axb6.} Qc7 {[%cal Rc4a5]} 36. axb6 axb6 37. Qa8 Ng6 ({Better is} 37... Nc8 $14) 38. Bh5 {Bxg6 is the strong threat.} f4 $2 {Loses the game.} (38... Qf7 $16) 39. exf4 $1 $18 Bxd4 {and the idea ...Qf7 leaves Black hopeful.} 40. Bxg6 hxg6 {[#]} 41. Qf8+ (41. fxg5 Qf7 $16) 41... Kh7 42. Qe8 ({Much less strong is} 42. fxg5 $6 Bg7 $16) 42... e5 $2 (42... Nb2 43. Ne5 Bxe5 44. fxe5 Nc4 45. Qxe6 Nxe5 46. Qxd5 Qf7 47. Qxf7+ (47. Qxe5 Qxf2+ 48. Kh1 Qf1+ {[%mdl 64] Double Attack} 49. Kh2 Qf2+ 50. Kh1 Qf1+ {[%mdl 64] Double Attack} 51. Kh2 Qf2+ $11) 47... Nxf7) 43. fxg5 Nd6 44. Qe6 $2 (44. Bxd6 Qxd6 45. Qf7+ Kh8 46. h4) 44... Ne4 $2 (44... Nf5 45. Be1 (45. Qxd5 e4 $11) 45... Qe7 46. Qxd5 e4) 45. Be7 {White threatens Qf7+ and mate.} Kg7 46. Bf6+ Kf8 47. Qxd5 Nxf2 48. Bxe5 (48. Nxe5 $142 Bxe5 49. Bxe5 Qc8 50. Qd6+ {[%mdl 64] Double Attack} Kf7 51. Qf6+ {[%mdl 64] Double Attack} Ke8 52. Qxg6+ Ke7 53. Bd6+ Kd7 54. Qf5+ {[%mdl 64] Double Attack} Kxd6 55. Qxc8) 48... Qc2 49. Qd8+ Kf7 50. Qd7+ Kf8 51. Qg7+ Ke8 52. Qxg6+ Kd8 53. Qd6+ Ke8 54. Qe6+ (54. Qc6+ $142 Qxc6 55. bxc6 Nxd3 {[#]} 56. c7 $1 Nxe5 57. c8=Q+ Ke7 58. h4 Be3 59. g6) 54... Kf8 55. Qf6+ {White mates.} Ke8 56. Qc6+ Qxc6 57. bxc6 {[%cal Bb5c6,Bc6c7][%mdl 32]} Bxe5 58. Nxe5 Ne4 59. c7 Nd6 60. g6 Kf8 61. Nd7+ {Weighted Error Value: White=0.16/Black=0.66} 1-0

[Event "European Online Club-ch-C 2021"]
[Site "Online"]
[Date "2021.03.27"]
[Round "2.18"]
[White "Donchenko, Alexander"]
[Black "Matlakov, Maxim"]
[Result "0-1"]
[WhiteElo "2678"]
[BlackElo "2688"]
[Annotator "TA"]
[PlyCount "66"]
[EventDate "2021.03.27"]
[EventType "team-tourn"]
[EventCountry "NET"]
[SourceTitle "playchess.com"]
[Source "ChessBase"]
[SourceQuality "1"]

{[%evp 11,66,19,28,15,41,19,19,10,32,20,24,17,17,0,13,-17,4,0,-3,-10,-16,-6,0,-1,16,-13,0,-26,-24,-41,-46,-23,0,-124,-112,-120,-119,-186,-191,-183,-151,-165,-164,-164,-150,-336,-333,-448,-445,-339,0,-843,-795,-935,-864,-29997,-29998]} 1. c4 c6 2. d4 d5 3. Nf3 Nf6 4. e3 Bf5 5. Nc3 e6 6. Nh4 Bg6 {6...Be4 injects fresh life into this line.} 7. Be2 {D12: Slav Defence: 3 Nf3 Nf6 4 e3 Bf5.} Nbd7 8. Bd2 Bd6 9. g3 {The position is equal.} O-O 10. Nxg6 hxg6 11. Qb3 Rb8 {[%cal Ba8b8,Bb8c8,Bc8c2][%mdl 32] [#]} 12. Rd1 $146 ({Predecessor:} 12. O-O b5 13. cxb5 cxb5 14. Rfc1 a6 15. Be1 Qe7 16. a4 b4 17. Na2 a5 18. Rc2 {0-1 (40) Bacallao Alonso,Y (2590)-Cori,J (2652) chess24.com INT 2020}) 12... b5 13. cxd5 cxd5 14. O-O a6 15. Qc2 Rc8 {Strongly threatening ...b4.} 16. Qd3 Nb6 17. b3 Qe7 18. a4 b4 19. Na2 a5 20. Qa6 {[#]} Rc2 $1 21. Nc1 Ne4 22. Be1 (22. Bd3 $11 Rxd2 23. Bxe4 Rxd1 24. Rxd1) 22... Qc7 $1 $17 {Threatens to win with ...Nd7.} 23. Qxa5 Rb8 24. Bxb4 (24. f3 $17 Nc3 25. Bxc3 bxc3 26. Bd3) 24... Bxb4 $19 25. Qxb4 Nc3 26. Bd3 Nxd1 27. Bxc2 Qxc2 28. Qc5 $2 {[#]} (28. Qd6 $17 Rc8 29. Qxb6) 28... Qd2 $1 29. Qc7 Rc8 30. Qxb6 {[#]} Kh7 $2 $40 {[%mdl 128] Black attacks.} ({Stronger than} 30... Rxc1 31. Qd8+ Kh7 32. Qh4+ Kg8 33. Qd8+ Kh7 34. Qh4+ Kg8 35. Qd8+ $11) ({Not} 30... Qxc1 31. Qb7 $15) (30... g5 $1 $19 31. Qb5 (31. Na2 $2 Nxe3 32. Nb4 Nxf1 $19) 31... Nxe3 32. fxe3 Qxe3+ 33. Rf2 Rxc1+ 34. Kg2 Qe4+ 35. Kh3 Rg1) 31. Na2 {[%mdl 8192]} Nxe3 $1 32. Qb7 Rc2 {( -> ...Qe2)} 33. Nb4 {[#]} Qxf2+ $1 {[%mdl 576] Back Rank.  Weighted Error Value: White=0.75/Black=0.24} 0-1

[Event "European Online Club-ch-C 2021"]
[Site "Online"]
[Date "2021.03.27"]
[Round "2.19"]
[White "Vitiugov, Nikita"]
[Black "Keymer, Vincent"]
[Result "1/2-1/2"]
[WhiteElo "2715"]
[BlackElo "2591"]
[Annotator "TA"]
[PlyCount "44"]
[EventDate "2021.03.27"]
[EventType "team-tourn"]
[EventCountry "NET"]
[SourceTitle "playchess.com"]
[Source "ChessBase"]
[SourceQuality "1"]

{[%evp 9,44,5,6,-1,0,-5,-2,2,4,0,0,-9,-8,0,0,-27,-18,-10,-29,-57,0,0,0,-33,0,0,0,-9,0,-25,0,-10,0,-24,0,-14,0]} 1. d4 Nf6 2. Nf3 e6 3. Bf4 d5 4. e3 Bd6 5. Nbd2 O-O 6. c3 {D02: 1 d4 d5 2 Nf3 sidelines, including 2...Nf6 3 g3 and 2...Nf6 3 Bf4.} c5 7. Bd3 Bxf4 8. exf4 b6 9. Qe2 a5 10. h4 Ba6 11. Bxa6 Nxa6 {[%cal Bb8a6,Ba6c5,Bc5e4][%mdl 32]} 12. h5 h6 {[#]} 13. Kf1 $146 ({Predecessor:} 13. a3 Qc7 14. g3 b5 15. O-O Qb6 16. dxc5 Nxc5 17. Ne5 Rfc8 18. Kg2 Na4 19. Rab1 {½-½ (46) Tuncer,T (2351)-Dragnev,V (2549) Graz 2020}) 13... Qc7 14. Rh4 cxd4 ({Better is} 14... b5 $15) 15. Nxd4 $11 Nc5 16. a4 Nce4 17. N2f3 Nd7 18. Kg1 Rfe8 19. Nd2 Ndf6 20. N2f3 Nd7 21. Nd2 Ndf6 22. N2f3 Nd7 {Weighted Error Value: White=0.09/Black=0.08} 1/2-1/2

[Event "European Online Club-ch-C 2021"]
[Site "Online"]
[Date "2021.03.27"]
[Round "2.20"]
[White "Kollars, Dmitrij"]
[Black "Esipenko, Andrey"]
[Result "1/2-1/2"]
[WhiteElo "2598"]
[BlackElo "2677"]
[Annotator "TA"]
[PlyCount "65"]
[EventDate "2021.03.27"]
[EventType "team-tourn"]
[EventCountry "NET"]
[SourceTitle "playchess.com"]
[Source "ChessBase"]
[SourceQuality "1"]

{[%evp 14,65,15,6,25,29,45,31,27,0,0,28,23,-30,0,-4,9,0,0,0,0,0,5,0,4,6,18,0,33,4,11,12,7,0,0,0,0,-8,0,0,0,-38,-18,-6,0,0,42,0,28,0,33,0,14,0]} 1. e4 e5 2. Nf3 Nf6 3. Nxe5 d6 4. Nf3 Nxe4 5. c4 Nc6 6. Nc3 Nxc3 7. dxc3 Be7 {7...g6 might become the main line.} 8. Bd3 O-O {C42: Petroff Defence: 3 Nxe5 and unusual White 3rd moves.} 9. Qc2 h6 10. Be3 {[#]} a5 $146 {White is slightly better.} ({Predecessor:} 10... Bf6 11. h3 Re8 12. O-O-O Ne5 13. Nxe5 Rxe5 14. Kb1 Bd7 15. Bf4 Re8 16. f3 Be5 {1-0 (39) Jones,G (2645)-Thorfinnsson,B (2419) Reykjavik 2016}) 11. a4 Ne5 12. Nxe5 dxe5 13. Bh7+ Kh8 {White must now prevent ...f5.} 14. Bf5 Qe8 15. O-O Qc6 16. b3 Bxf5 17. Qxf5 Bf6 18. f3 Rad8 19. Rad1 Kg8 20. Qe4 Qa6 21. h4 h5 22. Bf2 g6 23. g4 hxg4 24. fxg4 Bg7 25. g5 Qe6 26. Kg2 ({But not} 26. Qxb7 $2 Rxd1 27. Qe4 Rxf1+ 28. Kxf1 Qh3+ 29. Ke2 Qxc3 $19) 26... c6 27. Bb6 Rxd1 28. Rxd1 Ra8 29. Rd3 Bf8 30. Bf2 Bg7 31. Bb6 Bf8 32. Bf2 Bg7 33. Bb6 {Weighted Error Value: White=0.13/Black=0.08} 1/2-1/2

[Event "European Online Club-ch-C 2021"]
[Site "Online"]
[Date "2021.03.27"]
[Round "3.1"]
[White "Bluebaum, Matthias"]
[Black "Sahin, Ozgun"]
[Result "1-0"]
[WhiteElo "2670"]
[BlackElo "2281"]
[Annotator "TA"]
[PlyCount "69"]
[EventDate "2021.03.27"]
[EventType "team-tourn"]
[EventCountry "NET"]
[SourceTitle "playchess.com"]
[Source "ChessBase"]
[SourceQuality "1"]

{[%evp 14,69,22,19,20,17,21,17,21,24,47,38,56,62,80,57,76,65,96,81,107,89,95,89,124,95,90,26,45,30,83,89,81,72,95,15,36,7,35,31,84,93,128,66,69,50,137,56,166,101,109,41,109,102,249,230,392,377]} 1. d4 d5 2. Nf3 Nf6 3. e3 e6 4. Bd3 c5 5. b3 Nc6 6. O-O cxd4 7. exd4 Be7 8. Bb2 O-O {D05: Colle System with ...e6.} 9. Nbd2 a6 10. a3 b5 {The position is equal.} 11. Qe2 Bd7 12. Ne5 {[#]} Rc8 $146 ({Predecessor:} 12... Qb6 13. Qe3 Nxe5 14. Qxe5 Bd6 15. Qe2 a5 16. f4 Rfe8 17. Kh1 Rab8 18. g3 b4 {0-1 (47) Adebayo,D-Unegbu,N (1630) Ibadan 2014}) 13. f4 Qb6 14. Kh1 Qa7 (14... Nxd4 $2 15. Qf2 $18) 15. c3 Rfd8 16. f5 exf5 17. Nxd7 (17. Bxf5 $6 Bxf5 18. Rxf5 Bd6 $11) 17... Nxd7 18. Bxf5 Bf6 19. Qf3 Ne7 20. Bh3 (20. Bc2 $16) 20... Rc7 $11 21. Rae1 {Rxe7! is the strong threat.} Nf8 (21... Nb6 $1 $11) 22. b4 $16 a5 23. Nb3 axb4 24. cxb4 (24. axb4 $16 {aiming for Nc5.} Qa2 25. Qg3 $1) 24... Rc2 25. Re2 $36 {[%mdl 2048] Black is under pressure.} Rxe2 26. Qxe2 Nc6 (26... Qa6 $14) 27. Qxb5 Nxd4 28. Qc5 (28. Qd3 $16 Nxb3 29. Bxf6 (29. Qxb3 Bxb2 30. Qxb2 d4 $11) 29... gxf6 30. Qxb3) 28... Qxc5 $14 29. Nxc5 {Hoping for Rxf6!} Re8 {[#]} (29... Nc2 $14 30. Bxf6 gxf6) 30. Bg4 (30. a4 $1 $16) 30... Nfe6 (30... Nc2 $1 $14 31. Bxf6 gxf6) 31. Nd7 ({White should try} 31. Nxe6 $18 Nxe6 32. Bxf6 gxf6 33. a4 (33. Rxf6 Kg7 $16)) 31... Bg5 32. Rd1 (32. a4 $16) 32... f5 33. Bh3 $16 Rc8 34. g3 ({Not} 34. Rxd4 $2 Nxd4 35. g3 Be3 $17) 34... Nf3 $2 (34... Be3 35. Bg2 Kf7 36. Bxd5 Ke7) 35. Bxf5 {Weighted Error Value: White=0.21/Black=0.37} 1-0

[Event "European Online Club-ch-C 2021"]
[Site "Online"]
[Date "2021.03.27"]
[Round "3.2"]
[White "Okuyaz, Duru"]
[Black "Heimann, Andreas"]
[Result "0-1"]
[WhiteElo "2076"]
[BlackElo "2606"]
[Annotator "ChessBase"]
[PlyCount "108"]
[EventDate "2021.03.27"]
[EventType "team-tourn"]
[EventCountry "NET"]
[SourceTitle "playchess.com"]
[Source "ChessBase"]
[SourceQuality "1"]
[TimeControl "900+5"]

1. e4 {[%emt 0:00:00]} c5 {[%emt 0:00:06]} 2. Nf3 {[%emt 0:00:02]} d6 {[%emt 0:00:02]} 3. Bb5+ {[%emt 0:00:02]} Nd7 {[%emt 0:00:02]} 4. d4 {[%emt 0:00:02]} cxd4 {[%emt 0:00:08]} 5. Qxd4 {[%emt 0:00:01]} a6 {[%emt 0:00:01]} 6. Bxd7+ {[%emt 0:00:01]} Bxd7 {[%emt 0:00:02]} 7. c4 {[%emt 0:00:02]} Nf6 {[%emt 0:00:05]} 8. Nc3 {[%emt 0:00:01]} e6 {[%emt 0:00:05]} 9. O-O {[%emt 0:00:03]} Bc6 {[%emt 0:00:15]} 10. a4 {[%emt 0:00:34]} Qa5 {[%emt 0:00:16]} 11. Bd2 {[%emt 0:00:52]} Qc5 {[%emt 0:00:05]} 12. Qd3 {[%emt 0:00:20]} Be7 {[%emt 0:00:09]} 13. b4 {[%emt 0:00:33]} Qh5 {[%emt 0:00:03]} 14. b5 {[%emt 0:01:07]} Bd7 {[%emt 0:00:04]} 15. a5 {[%emt 0:00:15]} O-O {[%emt 0:00:03]} 16. e5 {[%emt 0:00:59]} dxe5 {[%emt 0:00:06]} 17. Ne4 {[%emt 0:00:37]} Rfd8 {[%emt 0:00:39]} 18. Ng3 {[%emt 0:01:40]} e4 {[%emt 0:00:04]} 19. Qc2 {[%emt 0:02:13]} Qc5 {[%emt 0:00:21]} 20. Be3 {[%emt 0:00:11]} Qc8 {[%emt 0:00:07]} 21. Nxe4 {[%emt 0:02:22]} Bxb5 {[%emt 0:00:43]} 22. Rfc1 {[%emt 0:01:44]} Bc6 {[%emt 0:00:56]} 23. Ned2 {[%emt 0:00:29]} Nd7 {[%emt 0:02:24]} 24. c5 {[%emt 0:00:39]} Qc7 {[%emt 0:00:16]} 25. Ne4 {[%emt 0:00:52]} Nf6 {[%emt 0:00:23]} 26. Ned2 {[%emt 0:00:36]} Ng4 {[%emt 0:00:12]} 27. Rab1 {[%emt 0:00:42]} Rac8 {[%emt 0:01:48]} 28. h3 {[%emt 0:00:02]} Nxe3 {[%emt 0:00:03]} 29. fxe3 {[%emt 0:00:01]} Qxa5 {[%emt 0:01:42]} 30. Ne4 {[%emt 0:00:13]} Qa3 {[%emt 0:01:04]} 31. Re1 {[%emt 0:00:09]} Qd3 {[%emt 0:00:31]} 32. Qxd3 {[%emt 0:00:03]} Rxd3 {[%emt 0:00:00]} 33. Nf2 {[%emt 0:00:02]} Rd7 {[%emt 0:00:07]} 34. Ne5 {[%emt 0:00:02]} Rdc7 {[%emt 0:00:19]} 35. Nfd3 {[%emt 0:00:10]} Bb5 {[%emt 0:00:06]} 36. Red1 {[%emt 0:00:06]} f6 {[%emt 0:00:05]} 37. Nf3 {[%emt 0:00:03]} e5 {[%emt 0:00:01]} 38. Nb4 {[%emt 0:00:02]} Bxc5 {[%emt 0:00:11]} 39. Nd5 {[%emt 0:00:02]} Rc6 {[%emt 0:00:30]} 40. Kh1 {[%emt 0:00:03]} Bf8 {[%emt 0:00:08]} 41. e4 {[%emt 0:00:01]} Kf7 {[%emt 0:00:07]} 42. Nd2 {[%emt 0:00:02]} Rc2 {[%emt 0:00:21]} 43. Nb3 {[%emt 0:00:05]} Be2 {[%emt 0:00:11]} 44. Re1 {[%emt 0:00:04]} Bb5 {[%emt 0:00:29]} 45. Na5 {[%emt 0:00:04]} Rb8 {[%emt 0:00:15]} 46. Rec1 {[%emt 0:00:02]} Rxc1+ {[%emt 0:00:03]} 47. Rxc1 {[%emt 0:00:01]} Bd6 {[%emt 0:00:03]} 48. Nb6 {[%emt 0:00:03]} Ke6 {[%emt 0:00:07]} 49. Nc8 {[%emt 0:00:17]} Ba3 {[%emt 0:00:30]} 50. Rc2 {[%emt 0:00:09]} b6 {[%emt 0:00:09]} 51. Nb3 {[%emt 0:00:09]} Ba4 {[%emt 0:00:12]} 52. Rc3 {[%emt 0:00:03]} Bxb3 {[%emt 0:00:03]} 53. Rxb3 {[%emt 0:00:01]} Rxc8 {[%emt 0:00:01]} 54. Rxa3 {[%emt 0:00:02]} a5 {[%emt 0:00:01]} 0-1

[Event "European Online Club-ch-C 2021"]
[Site "Online"]
[Date "2021.03.27"]
[Round "3.3"]
[White "Keymer, Vincent"]
[Black "Gallevci, Yagiz"]
[Result "1-0"]
[WhiteElo "2591"]
[BlackElo "2069"]
[Annotator "ChessBase"]
[PlyCount "65"]
[EventDate "2021.03.27"]
[EventType "team-tourn"]
[EventCountry "NET"]
[SourceTitle "playchess.com"]
[Source "ChessBase"]
[SourceQuality "1"]
[TimeControl "900+5"]

1. Nf3 {[%emt 0:00:00]} d5 {[%emt 0:00:07]} 2. e3 {[%emt 0:00:02]} Nf6 {[%emt 0:00:07]} 3. c4 {[%emt 0:00:02]} c6 {[%emt 0:00:06]} 4. Nc3 {[%emt 0:00:03]} e6 {[%emt 0:00:31]} 5. b3 {[%emt 0:00:02]} Bd6 {[%emt 0:00:02]} 6. Bb2 {[%emt 0:00:02]} O-O {[%emt 0:00:01]} 7. h3 {[%emt 0:00:01]} Qe7 {[%emt 0:00:23]} 8. g4 {[%emt 0:01:04]} Nbd7 {[%emt 0:03:03]} 9. Qc2 {[%emt 0:00:35]} b6 {[%emt 0:01:19]} 10. g5 {[%emt 0:00:52]} Nh5 {[%emt 0:00:25]} 11. O-O-O {[%emt 0:00:03]} Bb7 {[%emt 0:00:31]} 12. d4 {[%emt 0:00:19]} Rac8 {[%emt 0:00:32]} 13. Kb1 {[%emt 0:00:13]} e5 {[%emt 0:02:39]} 14. dxe5 {[%emt 0:00:49]} Nxe5 {[%emt 0:00:04]} 15. Be2 {[%emt 0:00:01]} g6 {[%emt 0:01:52]} 16. Nxe5 {[%emt 0:01:23]} Bxe5 {[%emt 0:00:00]} 17. Bxh5 {[%emt 0:00:02]} gxh5 {[%emt 0:00:01]} 18. Qf5 {[%emt 0:00:54]} Qe6 {[%emt 0:00:31]} 19. Qf3 {[%emt 0:02:21]} dxc4 {[%emt 0:01:53]} 20. bxc4 {[%emt 0:02:02]} Qxc4 {[%emt 0:01:22]} 21. Qe4 {[%emt 0:00:06]} Qe6 {[%emt 0:00:24]} 22. f4 {[%emt 0:00:07]} Bxc3 {[%emt 0:00:02]} 23. Qxe6 {[%emt 0:00:01]} fxe6 {[%emt 0:00:02]} 24. Bxc3 {[%emt 0:00:01]} c5 {[%emt 0:00:08]} 25. Rd7 {[%emt 0:00:19]} Be4+ {[%emt 0:00:08]} 26. Kb2 {[%emt 0:00:04]} Rf7 {[%emt 0:00:03]} 27. Rhd1 {[%emt 0:00:03]} Bd5 {[%emt 0:00:24]} 28. Rd6 {[%emt 0:00:37]} Rc6 {[%emt 0:00:25]} 29. R1xd5 {[%emt 0:00:04]} Rxd6 {[%emt 0:00:13]} 30. Rxd6 {[%emt 0:00:02]} Re7 {[%emt 0:00:01]} 31. Bf6 {[%emt 0:00:03]} Rb7 {[%emt 0:00:04]} 32. Rxe6 {[%emt 0:00:03]} Kf7 {[%emt 0:00:01]} 33. f5 {[%emt 0:00:08]} 1-0